01239cam a22002774i 4500003000900000005001700009008004100026035001900067040003300086082001900119100003800138245013100176264007300307300005100380336002100431337002500452338002300477504002800500505034400528526000900872526000900881526000800890526000800898526000800906650004700914PE-LiUPU20250731183412.0150623s1994 pe a rb 000 0 sp d a(Sirsi) a24551 aPE-LiUPUbspacPE-LiUPUerda04a704.9bS552211 aSilverman, Gail Patricia,eautor.13aEl tejido andino :bun libro de sabiduría /cGail P. Silverman ; traducido por Javier Flores Espinoza y Mariana Pease Mould. 1aLima :bBanco Central de Reserva del Perú; Fondo Editorial,c1994. a202 páginas :bilustraciones fotos ;c24 cm. atext2rdacontent aunmediated2rdamedia avolume2rdacarrier aIncluye bibliografía.0 aTejiendo el libro. -La estructura del espacio. -El tiempo cotidiano. -Para tiempo y osari: el tiempo estacional. -Lista: una clasificación de los bienes por colores. -La representación gráfica del mito de inkarri en las telas de Q'ero. -Iskaymanta/Kinsamanta: lógica y función en los andes. -El léxico gráfico. -Conclusión. aP158 aP146 aP17 aP12 aP0604aArte textilzPerúyEpoca Prehispánica.